000 01602nam0a22002771 4500
001 rc\4663841
005 20260406070853.0
021 _aRU
_b[67-59392]
035 _a(NLR Aleph) 008418016
090 _a9338757
_c9338757
100 _a20130416d1967 |||y0rusy50 ca
101 0 _arus
102 _aRU
105 _aa z |||a|
200 1 _aБабушкины кружева
_eМаленькие романы и рассказы
_f[Ил.: Ю.Д. Шутяев]
210 _aНовосибирск
_cЗап.-Сиб. кн. изд-во
_d1967
215 _a212 с.
_cил.
_d20
327 1 _aСодерж.: Рассказы: Красный вагон; Дочь луны; Страничка юности; Шоша-шерстобит; Щучий остров; Саламата; Маленькие романы: Счастливое крушение; Бабушкины кружева
464 0 _12001#$aКрасный вагон$eРассказ$aДочь луны$eРассказ$aСтраничка юности$eРассказ$aШоша-шерстобит$eРассказ$aЩучий остров$eРассказ$aСаламата$eРассказ$aСчастливое крушение$eМаленький роман$aБабушкины кружева$eМаленький роман
_tБабушкины кружева
700 1 _4070
_8rus
_7ca
_aПермяк
_bЕ. А.
_gЕвгений Андреевич
_f1902-1982
_3RU\NLR\auth\7727461
_910493
702 1 _aШутяев
_bЮ.Д.
_4440
801 0 _aRU
_bNLR
_gpsbo
801 1 _aRU
_bELAR
_2rusmarc
852 _aNLR
_j67-3/4190
942 _cBOOK
980 _aNB